| 000 | 00509nam a2200145Ia 4500 | ||
|---|---|---|---|
| 008 | 230917s9999||||xx |||||||||||||| ||und|| | ||
| 040 |
_e175757 _aMAIN |
||
| 041 | _aEnglish | ||
| 082 | _a891.4317109 DB469K:SB | ||
| 100 | _aशर्मा, ब्रजमोहन | ||
| 245 | 0 | _aधर्मवीर भारतीः धनुप्रिया तथा अन्य कृतियाँ | |
| 260 |
_aदिल्ली _bभारती भाषा _c1976 |
||
| 300 | _a90 पृ. p. | ||
| 942 | _cHN | ||
| 999 |
_c168460 _d168460 |
||